LEADER 00820nam0-22002891i-450 001 990004906710403321 005 20230706125038.0 035 $a000490671 035 $aFED01000490671 035 $a(Aleph)000490671FED01 100 $a19990530d1959----km-y0itay50------ba 101 0 $aeng 102 $aGB 105 $ay-------001yy 200 1 $a<>selected novels$fof W. Somerset Maugham 210 $aLondon$cW. Henimenann$h1959 215 $a3 v.$d20 cm 700 1$aMaugham,$bW. Somerset$0168554 801 0$aIT$bUNINA$gRICA$2UNIMARC 901 $aBK 912 $a990004906710403321 952 $aQ 243 06 (1)$bFil. Mod. 9903$fFLFBC 952 $aQ 243 06 (2)$bFil. Mod. 9903$fFLFBC 952 $aQ 243 06 (3)$bFil. Mod. 9903$fFLFBC 959 $aFLFBC 996 $aSelected Novels$9524609 997 $aUNINA